000 00285nam a22001217a 4500
999 _c522835
_d522835
003 NUST
038 _aTanveer
082 _a891.4393
_bBAN
245 _aTawajoh ki Talib /
_cBano Qudsia
260 _aLahore
_bSang-e-Meel Publications
_c2010
300 _a794p.
_c25 cm.
942 _2ddc
_cBK